المعرض العام الحادى عشر للفنون التشكيلية/XI GENERAL EXHIBITION FOR PLASTIC ARTS CENTER OF ARTS - ZAMALEK
محفوظ في:
مؤلف مشترك:
التنسيق: كتاب
اللغة: Undetermined
منشور في:
Cairo
National Center for Arts and Letters
1981
الوسوم: إضافة وسم
لا توجد وسوم, كن أول من يضع وسما على هذه التسجيلة!
رقم الطلب:
| LEADER | 00418nam a2200109Ia 4500 | ||
|---|---|---|---|
| 008 | 240503s9999||||xx |||||||||||||| ||und|| | ||
| 245 | 1 | 0 | |a المعرض العام الحادى عشر للفنون التشكيلية/XI GENERAL EXHIBITION FOR PLASTIC ARTS CENTER OF ARTS - ZAMALEK |
| 264 | 1 | |a Cairo |b National Center for Arts and Letters |c 1981 | |
| 300 | |c 21 | ||
| 710 | 2 | |a Supreme Council of Culture | |
| 942 | |2 lcc |c BK | ||
| 999 | |c 58339 |d 58339 | ||
